| 000 | 00610ngm a22002417a 4500 | ||
|---|---|---|---|
| 005 | 20220526112157.0 | ||
| 008 | 160216b xxu||||| |||| 00| 0 spa d | ||
| 041 | _aInglés | ||
| 082 | _a50 DVD | ||
| 100 |
_aLawrence, Carlos _963447 |
||
| 245 | _aCosta Rica today (English) | ||
| 260 |
_aCosta Rica _bCota Internacional _c1988 |
||
| 300 | _a1 hora | ||
| 650 |
_aCOSTA RICA _963448 |
||
| 650 |
_aPROVINCIAS _94417 |
||
| 650 |
_aFLORA _94418 |
||
| 650 |
_aFAUNA _94419 |
||
| 650 |
_aHISTORIA _943 |
||
| 650 |
_aCOSTUMBRES _94420 |
||
| 650 |
_aTRADICIONES _94421 |
||
| 650 |
_aPLAYAS _98299 |
||
| 942 | _cDVD | ||
| 999 |
_c8894 _d8894 |
||